The physiology of thirst and sodium appetite /

Bibliographic Details
Main Author: Fitzsimons, J. T. (James Thomas)
Format: Book
Language:English
Published: Cambridge ; New York : Cambridge University Press, 1979.
Series:Monographs of the Physiological Society ; no. 35.
Subjects:

MARC

Tag First Indicator Second Indicator Subfields
LEADER 00000cam a2200000 i 4500
001 in00000082526
005 20151008053040.0
008 780619s1979 enka b 00110 eng
010 |a  78016212  
020 |a 0521222923 
035 |a (OCoLC)04036946 
035 |9 AAH5997AM 
040 |a DLC  |c DLC  |d CHS  |d TXA  |d UtOrBLW 
049 |a TXAM  |c [1405599] 
050 0 0 |a QP139  |b .F57 
082 0 |a 596/.01/33 
096 |a QU 120 F562p 1979 
100 1 |a Fitzsimons, J. T.  |q (James Thomas) 
245 1 4 |a The physiology of thirst and sodium appetite /  |c J. T. Fitzsimons. 
264 1 |a Cambridge ;  |a New York :  |b Cambridge University Press,  |c 1979. 
300 |a xv, 572 pages :  |b illustrations ;  |c 22 cm. 
336 |a text  |b txt  |2 rdacontent 
337 |a unmediated  |b n  |2 rdamedia 
338 |a volume  |b nc  |2 rdacarrier 
490 1 |a Monographs of the Physiological Society ; no. 35 
500 |a Includes index. 
504 |a Bibliography: pages 527-562. 
650 0 |a Thirst. 
650 0 |a Sodium  |x Metabolism. 
650 0 |a Appetite. 
650 0 |a Water  |x Metabolism. 
650 0 |a Osmoregulation. 
650 2 |a Sodium  |x metabolism. 
650 2 |a Thirst  |x physiology. 
650 2 |a Water  |x metabolism. 
830 0 |a Monographs of the Physiological Society ;  |v no. 35. 
999 |a MARS 
999 f f |s b637a4ff-2c15-3d7e-b032-04c91669b07a  |i 64dbd5bd-9741-360b-8916-a9531908aca0  |t 0 
952 f f |p ric  |a Texas A&M University  |b Rellis Campus  |c Joint Library Facility  |d Remote Storage  |t 0  |e QP139 .F57  |h Library of Congress classification  |i unmediated -- volume  |m A14805000387 
998 f f |a QP139 .F57  |t 0  |l Remote Storage